Podział administracyjny Papui Nowej Gwinei - Statystyki

Ogólne statystyki
  • Ten quiz został rozwiązany 45 razy
  • Średni wynik to 10 z 22
Statystyki odpowiedzi
Odpowiedź % Poprawnych
Enga
80%
Dystrykt Stołeczny
60%
Chimbu
50%
Gulf
50%
Northern/Oro
50%
Nowa Brytania Wschodnia
50%
Nowa Brytania Zachodnia
50%
Nowa Irlandia
50%
Sepik Wschodni
50%
Southern Highlands
50%
Bougainville
40%
Eastern Highlands
40%
Hela
40%
Morobe
40%
Prowincja Centralna
40%
Prowincja Zachodnia
40%
Western Highlands
40%
West Sepik/Sandaun
40%
Jiwaka
30%
Madang
20%
Manus
20%
Milne Bay
20%
Nie znaleziono quizów pasujących do podanych kryteriów
Rozkład punktacji
Procent ludzi z każdym wynikiem
Percentyl według liczby udzielonych odpowiedzi
Twoja historia wyników
Nie rozwiązałeś tego quizu